000 00724cam a22002413a 4500
001 27120
003 PGUSA
005 20140828083603.0
008 081102s2008||||xxu|||||s|||||000 | eng d
040 _aPGUSA
_beng
042 _adc
050 4 _aBX
245 1 0 _aLitanaiit Liturgiillo attoraksat illagêktunut Labradoremẽtunut
_h[electronic resource] /
_cAnonymous
260 _bProject Gutenberg,
_c2008
506 _aPublic domain in the USA.
516 _aElectronic text
653 _aMoravian Church -- Liturgy -- Texts
653 _aEskimo languages -- Texts
653 _aInuktitut dialect -- Texts
830 0 _aProject Gutenberg
_v27120
856 4 0 _uhttp://www.gutenberg.org/ebooks/27120
942 _cEB
999 _c256375
_d256375